000 00282nmm a2200097Ia 4500
008 220120s9999||||xx |||||||||||||||||und||
020 _a0-07-044580-X
100 _aMahadevan, P
245 0 _aOperations management theory and practice
260 _aPrentice all of india
_bNew Delhi
_c2012
999 _c139757
_d139757